ARRUPE JESUIT UNIVERSITY

CORONAVIRUS -STOP THE SPREAD - CLEAN,DISINFECT,COVER

Dealing with Darwin : (Record no. 122011)

MARC details
000 -LEADER
fixed length control field 01715cam a2200349 i 4500
001 - CONTROL NUMBER
control field 17938588
003 - CONTROL NUMBER IDENTIFIER
control field ARRUPE
005 - DATE AND TIME OF LATEST TRANSACTION
control field 20150313173338.0
008 - FIXED-LENGTH DATA ELEMENTS--GENERAL INFORMATION
fixed length control field 131112s2014 mdu b 001 0 eng
010 ## - LIBRARY OF CONGRESS CONTROL NUMBER
LC control number 2013028976
020 ## - INTERNATIONAL STANDARD BOOK NUMBER
International Standard Book Number 9781421413266 (hardcover : alk. paper)
020 ## - INTERNATIONAL STANDARD BOOK NUMBER
Cancelled/invalid ISBN 9781421413273 (electronic)
020 ## - INTERNATIONAL STANDARD BOOK NUMBER
International Standard Book Number 1421413264 (hardcover : alk. paper)
020 ## - INTERNATIONAL STANDARD BOOK NUMBER
Cancelled/invalid ISBN 1421413272 (electronic)
040 ## - CATALOGING SOURCE
Original cataloging agency DLC
Language of cataloging eng
Transcribing agency DLC
Description conventions rda
Modifying agency DLC
042 ## - AUTHENTICATION CODE
Authentication code pcc
050 00 - LIBRARY OF CONGRESS CALL NUMBER
Classification number BT712
Item number .L585 1987
082 00 - DEWEY DECIMAL CLASSIFICATION NUMBER
Classification number 231.7/652088285
Edition number 23
300 ## - PHYSICAL DESCRIPTION
Dimensions 24 cm.
100 1# - MAIN ENTRY--PERSONAL NAME
Personal name Livingstone, David N.,
Dates associated with a name 1953-
9 (RLIN) 15007
245 10 - TITLE STATEMENT
Title Dealing with Darwin :
Remainder of title place, politics, and rhetoric in religious engagements with evolution /
Statement of responsibility, etc David N. Livingstone.
260 ## - PUBLICATION, DISTRIBUTION, ETC. (IMPRINT)
Place of publication, distribution, etc Maryland
Name of publisher, distributor, etc John Hopkins University Press
Date of publication, distribution, etc 2014
300 ## - PHYSICAL DESCRIPTION
Extent x, 265 pages ;
490 0# - SERIES STATEMENT
Series statement Medicine, science, and religion in historical context
500 ## - GENERAL NOTE
General note "The Gifford Lectures, 2014"--Title page.
504 ## - BIBLIOGRAPHY, ETC. NOTE
Bibliography, etc Includes bibliographical references and index.
505 0# - FORMATTED CONTENTS NOTE
Formatted contents note Dealing with Darwin: locating encounters with evolution -- Edinburgh, evolution, and cannibalistic nostalgia -- Belfast, the Parliament of Science, and the winter of discontent -- Toronto, Knox, and Bacon's bequest -- Columbia, Woodrow, and the legacy of the lost cause -- Princeton, Darwinism, and the short horn cattle -- Darwinian engagements: place, politics, rhetoric.
600 10 - SUBJECT ADDED ENTRY--PERSONAL NAME
Personal name Darwin, Charles,
Dates associated with a name 1809-1882.
9 (RLIN) 6790
650 #0 - SUBJECT ADDED ENTRY--TOPICAL TERM
Topical term or geographic name as entry element Evolution
General subdivision Religious aspects
-- Christianity.
9 (RLIN) 4507
906 ## - LOCAL DATA ELEMENT F, LDF (RLIN)
a 7
b cbc
c orignew
d 1
e ecip
f 20
g y-gencatlg
942 ## - ADDED ENTRY ELEMENTS (KOHA)
Source of classification or shelving scheme Library of Congress Classification
Koha item type Monograph ( Printed materials)
Holdings
Withdrawn status Lost status Source of classification or shelving scheme Damaged status Not for loan Collection code Home library Current library Shelving location Date acquired Total Checkouts Full call number Barcode Date last seen Date checked out Price effective from Koha item type
    Library of Congress Classification     Main Collection ARRUPE LIBRARY ARRUPE LIBRARY Main Collection 10/02/2015 1 BT712 .L585 2014 46500002972 01/12/2016 28/10/2015 10/02/2015 Monograph ( Printed materials)

 

Arrupe Library. PO Box MP320 Mt Pleasant, Harare, Zimbabwe
263 242 745411|librarian@aju.ac.zw